[Event "Montigny le Bretonneux Noel op 10th"]
[Site "Montigny le Bretonneux"]
[Date "2007.12.27"]
[Round "3"]
[White "Collard, Isabelle"]
[Black "Lortat Jacob, Bertrand"]
[Result "0-1"]
[WhiteElo "1020"]
[BlackElo "1680"]
[PlyCount "56"]
[EventDate "2007.12.26"]
[EventType "swiss"]
[EventRounds "7"]
[EventCountry "FRA"]
[SourceTitle "CBM 122 Extra"]
[Source "ChessBase"]
[SourceDate "2008.03.04"]
[SourceVersion "1"]
[SourceVersionDate "2008.03.04"]
[SourceQuality "1"]

1. e4 d5 2. Nc3 d4 3. Nce2 e5 4. Nf3 Nc6 5. d3 f5 6. exf5 Bxf5 7. Ng3 Bg6 8. Be2 Qd7 9. 0-0 0-0-0 10. Bd2 h5 11. Ne4 h4 12. Nxh4 Rxh4 13. h3 Bf5 14. Ng5 Be7 15. Kh2 Nf6 16. b3 Rdh8 17. Bf3 Bxh3 18. Rg1 Bf5+ 19. Kg3 e4 20. Be2 Bd6+ 21. f4 exf3+ 22. Kf2 fxe2 23. Re1 exd1Q 24. Raxd1 Ng4+ 25. Kf3 Nb4 26. Ke2 Ne3 27. Kf3 Qc6+ 28. Ne4 Qxe4+ 0-1